• 首页
  • 本馆介绍
  • 公告通知
  • 最新文献
  • 馆藏检索
  • 电子资源
  • 读者导购
  • 参考咨询
  • 我的图书馆
  • 登录
  • 详细信息显示
  • 放入我的书架
  • 预约/预借图书
  • 作者相关作品
  • 分类相关作品
  • 丛书相关作品
  • 出版社相关作品

书目信息

  • 表格格式
  • 工作单格式
  • 卡片格式
题名:
永海式新定性化学分析法
    
 
作者: 永海佐一郎 著
分册:  
出版信息: 天津   劲涛书店  
页数: 383页
开本: 21cm
丛书名:
单 册:
中图分类: O654
科图分类:
主题词: 分析化学 , 分析(化学)
电子资源:
ISBN:
000 00590nam0 2200205 450
001 0637367794
005 20060801102449.89
010    @b精装@dCNY2.88
100    @a20060801d km y0chiy0120 ea
101 0  @achi
102    @aCN@b120000
200 1  @a永海式新定性化学分析法@Ayong hai shi xin ding xing hua xue fen xi fa@f永海佐一郎著@Fyong hai zuo yi lang zhu
210    @a天津@c劲涛书店
215    @a383页@d21cm
606 0  @a分析化学
606 0  @a分析(化学)
690    @aO654@v3
701  0 @a永海佐一郎@Ayong hai zuo yi lang@4著
801  0 @aCN@bPFT@c20060801
905    @a10447@dO654@e40
    
    永海式新定性化学分析法/永海佐一郎著.-天津:劲涛书店
    383页;21cm
    
    
    ISBN (精装):CNY2.88
    
●
相关链接 在E读中查询图书 在五车中查询图书 在当当中查询图书 在豆瓣中查询图书


正题名:永海式新定性化学分析法     索取号:O654/40         预约/预借

序号 登录号 条形码 馆藏地/架位号 状态 备注
1 0434284   204342844   密集书库/ [索取号:O654/40] 在馆    
唐山师范学院图书馆 欢迎您!
大连网信软件有限公司© 版权所有